Electronic auctions analysis: the case of Slovak and Czech Republic

Analýza a štatistický popis elektronických aukcií vykonávaných prostredníctvom elektronického aukčného systému, ktorý poskytuje na Slovensku a v Čechách spoločnosť Proebiz. Analýza úspor pre obstarávateľa a zmeny v správaní obstarávateľa počas priebehu analýzy.

Na minha lista:
Detalhes bibliográficos
Autor principal: Dráb, Radovan
Outros Autores: Senderáková, Lenka, Kmeťová, Oľga, 1959-
Formato: Capítulo de Livro
Idioma:inglês
Assuntos:
Tags: Adicionar Tag
Sem tags, seja o primeiro a adicionar uma tag!

MARC

LEADER 00000naa$a2200000$$$4500
001 0240121
005 20240502073909.3
041 0 |a eng 
044 |a SK 
245 1 0 |a Electronic auctions analysis: the case of Slovak and Czech Republic  |c Radovan Dráb, Lenka Senderáková, Oľga Kmeťová 
520 |a Analýza a štatistický popis elektronických aukcií vykonávaných prostredníctvom elektronického aukčného systému, ktorý poskytuje na Slovensku a v Čechách spoločnosť Proebiz. Analýza úspor pre obstarávateľa a zmeny v správaní obstarávateľa počas priebehu analýzy. 
610 2 0 |a aukcie 
610 2 0 |a elektronizácia 
610 2 0 |a efektívnosť 
610 2 0 |a obstarávanie elektronické 
610 2 0 |a obchod elektronický 
610 2 0 |a Slovensko 
610 2 0 |a Česko 
100 1 |a Dráb, Radovan 
700 1 |a Senderáková, Lenka 
700 1 |a Kmeťová, Oľga, 1959-